000 00742cam a22002413a 4500
001 11878
003 PGUSA
005 20140828083242.0
008 040401s2004||||xxu|||||s|||||000 | eng d
040 _aPGUSA
_beng
042 _adc
050 4 _aPR
100 1 _aColum, Padraic,
_d1881-1972
245 1 0 _aThree Plays :
_bThe Fiddler's House, The Land, Thomas Muskerry
_h[electronic resource] /
_cPadraic Colum
260 _bProject Gutenberg,
_c2004
505 0 _aThe Fiddler's House -- The Land -- Thomas Muskerry.
506 _aPublic domain in the USA.
516 _aElectronic text
653 _aIrish drama -- 20th century
830 0 _aProject Gutenberg
_v11878
856 4 0 _uhttp://www.gutenberg.org/ebooks/11878
942 _cEB
999 _c241133
_d241133